02244nam a22002417a 4500952011700000952010200117999001700219008004100236020001800277050002100295245015300316260004500469300003600514500007600550505113200626519004501758650003401803650003401837650002901871700005001900700004501950942000701995 00102lcc4070a11b11d2014-08-19l2m1oHV5801 E76 2012p11 010840r2025-04-22s2025-04-07t1w2014-08-19yLB 00102lcc4070a11b11d2014-08-19l0oHV5801 E76 2012p11 010841r2014-08-19t2w2014-08-19yLB c93595d93595140819b2012 sp ||||| |||| 00| 0 spa d a9788499589176 aHV5801bE76 2012 aEstratégias de intervención en la prevención de drogodependienciasc/ coordinadores José A., García del Castillo: Carmen López-Sánchez aEspañab: Editorial Síntesisc, 2012 a301 páginasb: ilustraciones  aIncluye: Indice, Relación de autores, Prólogo, Nota bibliográfica a1. Aspectos generales sobre la prevención Aproximación preliminar a la prevención del consumo de drogas ¿Prevenir? Análisis histórico de la prevención 2. Desarrollo de programas de prevención Elementos que debe tener un programa preventivo eficaz Factores de riesgo y protección para el consumo de drogas en adolescentes Diseño de programas de prevención de drogas Técnicas aplicadas a la prevención de la drogodependencia Evaluación de programas de prevención del consumo de drogas Difusión de los avances en prevención escolar del consumo de drogas intervención ante los nuevos patrones juveniles de consumo de alcohol 3. Prevención sobre conductas específicas en drogodependencias Programa de prevención escolar basados en la evidencia Programas de prevención escolar basados en la evidencia 4. Pilares fundamentales para la prevención de las drogodependencias La educación ante el consumo de drogas La prevención familiar del consumo de drogas en adolescentes y jóvenes La prevención de las drogodependencias en el ámbito laboral  aMaterial Complementario / d(11 010840) aABUSO DE DROGASxPREVENCIÓN aDROGADICTOSxREHABILITACIÓN aDROGADICTOSxTRATAMIENTO aGarcía del Castillo, José A.ecoordinador aLópez - Sánchez, Carmenecoordinador cLB